00721nam a2200229Ia 450000500170000000800410001702000220005804100080008008200150008810000170010324500350012026000470015530000210020244000060022350000260022965000250025570000170028090600070029794200070030499900170031195201630032820230502172137.0230125s9999 xx 000 0 und d a978-81-7708-323-1 aeng a658.8bPON aPongiannan K aMarketing Forms And Strategies c2012bNew Century Publications.aNew Delhi a173pcPaper Back v1 aMarketing Management  aMarketing Management aPongiannan K b27 cBK c95516d95516 00104070aHIMRbHIMRd2019-02-12ePritam Book Centreg590.00i10763l0o658.8 PON B18127pHIMR-BK-18127r2023-01-25 00:00:00v563.00w2019-02-11yBKzB18127